MARC details
| 000 -LEADER |
| fixed length control field |
01380cam a2200361 a 4500 |
| 001 - CONTROL NUMBER |
| control field |
11945025 |
| 005 - DATE AND TIME OF LATEST TRANSACTION |
| control field |
20161215114447.0 |
| 008 - FIXED-LENGTH DATA ELEMENTS--GENERAL INFORMATION |
| fixed length control field |
000317s2000 nyu 000 0 eng |
| 010 ## - LIBRARY OF CONGRESS CONTROL NUMBER |
| LC control number |
00035109 |
| 020 ## - INTERNATIONAL STANDARD BOOK NUMBER |
| International Standard Book Number |
0764585959 (alk. paper) |
| 040 ## - CATALOGING SOURCE |
| Original cataloging agency |
DLC |
| Transcribing agency |
DLC |
| Modifying agency |
DLC |
| 050 00 - LIBRARY OF CONGRESS CALL NUMBER |
| Classification number |
PR2808 |
| Item number |
.P47 2000 |
| 082 00 - DEWEY DECIMAL CLASSIFICATION NUMBER |
| Classification number |
DRef 822.33 |
| Edition number |
2000 |
| Item number |
P42c |
| 100 1# - MAIN ENTRY--PERSONAL NAME |
| Personal name |
Perry, Martha. |
| 245 10 - TITLE STATEMENT |
| Title |
CliffsNotes: |
| Remainder of title |
Shakespeare's Julius Caesar/ |
| Statement of responsibility, etc. |
by Martha Perry and James E. Vickers. |
| 246 30 - VARYING FORM OF TITLE |
| Title proper/short title |
Julius Caesar |
| 260 ## - PUBLICATION, DISTRIBUTION, ETC. (IMPRINT) |
| Place of publication, distribution, etc. |
Foster City, CA : |
| Name of publisher, distributor, etc. |
IDG Books Worldwide, |
| Date of publication, distribution, etc. |
c2000. |
| 263 ## - PROJECTED PUBLICATION DATE |
| Projected publication date |
0005 |
| 300 ## - PHYSICAL DESCRIPTION |
| Extent |
v, 104 pages; |
| Dimensions |
21 cm. |
| 600 10 - SUBJECT ADDED ENTRY--PERSONAL NAME |
| Personal name |
Shakespeare, William, |
| Dates associated with a name |
1564-1616. |
| Title of a work |
Julius Caesar |
| General subdivision |
Examinations |
| Form subdivision |
Study guides. |
| 600 10 - SUBJECT ADDED ENTRY--PERSONAL NAME |
| Personal name |
Caesar, Julius |
| General subdivision |
In literature. |
| 650 #0 - SUBJECT ADDED ENTRY--TOPICAL TERM |
| Topical term or geographic name as entry element |
Assassination in literature. |
| 650 #0 - SUBJECT ADDED ENTRY--TOPICAL TERM |
| Topical term or geographic name as entry element |
Conspiracies in literature. |
| 650 #0 - SUBJECT ADDED ENTRY--TOPICAL TERM |
| Topical term or geographic name as entry element |
Assassins in literature. |
| 650 #0 - SUBJECT ADDED ENTRY--TOPICAL TERM |
| Topical term or geographic name as entry element |
Tragedy. |
| 651 #0 - SUBJECT ADDED ENTRY--GEOGRAPHIC NAME |
| Geographic name |
Rome |
| General subdivision |
In literature. |
| 700 ## - ADDED ENTRY--PERSONAL NAME |
| Personal name |
Vickers, James E. |
| 9 (RLIN) |
17815 |
| Relator term |
Author |
| 856 42 - ELECTRONIC LOCATION AND ACCESS |
| Materials specified |
Publisher description |
| Uniform Resource Identifier |
<a href="http://www.loc.gov/catdir/description/wiley039/00035109.html">http://www.loc.gov/catdir/description/wiley039/00035109.html</a> |
| 856 41 - ELECTRONIC LOCATION AND ACCESS |
| Materials specified |
Table of contents |
| Uniform Resource Identifier |
<a href="http://www.loc.gov/catdir/toc/wiley021/00035109.html">http://www.loc.gov/catdir/toc/wiley021/00035109.html</a> |
| 906 ## - LOCAL DATA ELEMENT F, LDF (RLIN) |
| a |
7 |
| b |
cbc |
| c |
orignew |
| d |
1 |
| e |
ocip |
| f |
20 |
| g |
y-gencatlg |
| 942 ## - ADDED ENTRY ELEMENTS (KOHA) |
| Source of classification or shelving scheme |
Dewey Decimal Classification |
| Koha item type |
Reference |